000
00321nam a22001337a 4500
020
_a
9789382664031
082
_a
574.192
_b
RAM/LA
100
_a
Rameshan,P
_9
372
245
_a
Laboratory Manual of Biochemistry
250
_a
1
260
_a
Jaipur
_b
Satyam Publishers and Distributors
_c
2013
300
_a
250
942
_c
BK
999
_c
14279
_d
14279